| 000 | 00447nam a2200181Ia 4500 | ||
|---|---|---|---|
| 008 | 180921t1980 xxu||||| |||| 00| 0 sin d | ||
| 041 | _asin | ||
| 080 |
_a5 _bLEK |
||
| 100 | _aLeokum, Arkady | ||
| 245 | _aමට කියනු මැන | ||
| 246 | _aTell me why | ||
| 260 |
_bGodage _aColombo _c1980 |
||
| 300 | _a118p., 22 cm | ||
| 650 |
_aEvolution _aLight |
||
| 942 | _cBK | ||
| 999 |
_c16225 _d16225 |
||
| 003 | LK-CoDNM | ||
| 040 |
_aLK-CoDNM _dLK-CoDNM _eLK-CoDNM |
||